Schelling (1775-1854) / (Record no. 12292)

MARC details
000 -LEADER
campo de control de longitud fija 00837nam a22002655i 4500
001 - NÚMERO DE CONTROL
campo de control 12292
003 - IDENTIFICADOR DE NÚMERO DE CONTROL
campo de control ES-MaACL
005 - FECHA Y HORA DE LA ÚLTIMA TRANSACCIÓN
campo de control 20250701212921.0
007 - CAMPO FIJO DE DESCRIPCIÓN FÍSICA--INFORMACIÓN GENERAL
campo de control de longitud fija t|
008 - DATOS DE LONGITUD FIJA--INFORMACIÓN GENERAL
campo de control de longitud fija 950808s1995 sp ||||0| spa j
020 ## - NÚMERO INTERNACIONAL ESTÁNDAR DEL LIBRO
Número Internacional Estándar del Libro 84-7923-045-2
040 ## - FUENTE DE CATALOGACIÓN
Centro catalogador/agencia de origen M-BN
Lengua de catalogación spa
Centro/agencia transcriptor M-BN
080 ## - NÚMERO DE LA CLASIFICACIÓN DECIMAL UNIVERSAL
Número de la Clasificación Decimal Universal 1 Schelling, Friedrich Wilhelm Joseph
100 1# - ENTRADA PRINCIPAL--NOMBRE DE PERSONA
Nombre de persona López Domínguez, Virginia.
9 (RLIN) 73612
245 10 - MENCIÓN DEL TÍTULO
Título Schelling (1775-1854) /
Mención de responsabilidad, etc. Virginia López-Domínguez.
250 ## - MENCION DE EDICION
Mención de edición 1ª ed.
260 ## - PUBLICACIÓN, DISTRIBUCIÓN, ETC.
Lugar de publicación, distribución, etc. Madrid :
Nombre del editor, distribuidor, etc. Ediciones del Orto,
Fecha de publicación, distribución, etc. 1995.
300 ## - DESCRIPCIÓN FÍSICA
Extensión 94 p ;
Dimensiones 17 cm.
490 1# - MENCIÓN DE SERIE
Mención de serie Biblioteca filosófica
504 ## - NOTA DE BIBLIOGRAFÍA, ETC.
Nota de bibliografía, etc. Bibliografía: p. [92]-94.
600 14 - PUNTO DE ACCESO ADICIONAL DE MATERIA--NOMBRE DE PERSONA
Nombre de persona Schelling, Friedrich Wilhelm Joseph-
Subdivisión general Crítica e interpretación.
9 (RLIN) 104294
830 00 - PUNTO DE ACCESO ADICIONAL DE SERIE-TÍTULO UNIFORME
Título uniforme Biblioteca filosófica
9 (RLIN) 179275
852 ## - LOCALIZACIÓN
Ubicación ES-MaACL
Número de control de estantería L-19551
Sublocalización o colección R.124349
Holdings
Estatus retirado Estado de pérdida Estado de daño No para préstamo Biblioteca de origen Biblioteca actual Ubicación en estantería Fecha de adquisición Fuente de adquisición Total de préstamos Signatura topográfica completa Código de barras Visto por última vez Precio de reemplazo Tipo de ítem Koha
        Biblioteca del Ateneo de Madrid Biblioteca del Ateneo de Madrid Depósito 2 17/01/2008     L-19551 1012527 23/02/2023 23/02/2023 Libro impreso